000 00273nam a2200121Ia 4500
008 241002s9999 xx 000 0 und d
082 _a808.3 SAR
100 _aSartre, Jean Paul
245 4 _aThe Reprieve
260 _aLondon:
_c1966
600 _aLiterature
942 _cUC
999 _c18863
_d18863